000 00719nai a2200193Ia 4500
003 IN-BaIIA
008 211028c9999 xx s 000 0 eng d
022 _a0096-1779 (Print)
022 _a2331-1649 (Online)
040 _cIIA Library
245 0 _aIRE Transactions on Production Techniques
_h[eJournal]
260 _aNew York, USA
_bThe Institute of Electrical and Electronics Engineers, Inc. (IEEE)
310 _aAnnually
362 _a1(1); 1956 - 6(1); 1959
521 _bSubscribed through National Knowledge Resource Consortium (NKRC)
650 _aComponents, Circuits, Devices and Systems
856 _uhttps://ieeexplore.ieee.org/servlet/opac?punumber=8220
_yClick Here to Access eJournal
942 _cEJ
999 _c34927
_d34927